000 01366nam0a2200325 i 4500
001 RU\NLR\BIBL_A\010702461
005 20241105182330.0
010 _a9785984292030
_9300
021 _aRU
_b2015-5929
_9373
035 _a(NILC)RuMoRGB-007860506
035 _a(NLR Aleph) 010702461
090 _a9727622
_c9727622
100 _a20150318d2014 um y0rusy50 ca
101 0 _arus
102 _aRU
105 _aach|z|||000zy
200 1 _aЗеленый мох времени
_fВ. Д. Ключенок
210 _aТамбов
_cМичуринск
_d2014
215 _a223 с., [72] л. ил., портр., факс., цв. ил., портр.
_cил., портр., факс.
_d21
300 _aНа 4-й с. обл. авт.: Ключенок В.Д., ген.-лейт. авиации, засл. воен. летчик России, к.э.н.
600 1 _aКлюченок
_bВ.Д.
_f1948
_gВасилий Дмитриевич
_jВоспоминания, записки и т.п
_92224447
_3RU\NLR\AUTH\6601568464
686 1 _aЦ65,6(2Р) 0-243дКлюченок
686 1 _aТ3(2)74-8,013
700 1 _aКлюченок
_bВ. Д.
_f1948-
_gВасилий Дмитриевич
801 0 _aRU
_bРГБ
_c20150205
_gRCR
801 1 _aRU
_bРГБ
_c20150205
_2rusmarc
942 _cBOOK
980 _aNBR